Library of the University of Algiers 3
Ibrahim Sultan Cheibout
شعار جامعة الجزائر 3
مكتبة جامعة الجزائر 3
إبراهيم سلطان شيبوط

النظرية الإقتصادية : (رقم التسجيلة. 43111)

تفاصيل مارك
000 -LEADER
fixed length control field 01182nam a2200253Ia 4500
003 - CONTROL NUMBER IDENTIFIER
control field Ost
005 - DATE AND TIME OF LATEST TRANSACTION
control field 20260507075123.0
008 - FIXED-LENGTH DATA ELEMENTS--GENERAL INFORMATION
fixed length control field 260507s9999||||xx |||||||||||||| ||und||
040 ## - CATALOGING SOURCE
Transcribing agency fsecg
041 ## - LANGUAGE CODE
Language code of text/sound track or separate title ara
082 ## - DEWEY DECIMAL CLASSIFICATION NUMBER
Classification number 330
100 ## - MAIN ENTRY--PERSONAL NAME
Personal name نعمة الله، نجيب ابراهيم
Relator term مؤلف
245 #0 - TITLE STATEMENT
Title النظرية الإقتصادية :
Remainder of title الإقتصاد التحليلي الوحدي /
Statement of responsibility, etc. نجيب ابراهيم نعمة الله
260 ## - PUBLICATION, DISTRIBUTION, ETC.
Place of publication, distribution, etc. الإسكندرية:
Name of publisher, distributor, etc. مؤسسة شباب الجامعة,
Date of publication, distribution, etc. 2005
300 ## - PHYSICAL DESCRIPTION
Extent 493 صفحة؛
Other physical details إيضاحات ؛
Dimensions 24 سم
520 ## - SUMMARY, ETC.
Summary, etc. توازن السوق-المرونات-تطبيقات على توازن السوق-الخطة الإتفاقية للمستهلك الفرد-توازن المستهلك واشتقاق منحنى طلبه-السلوك الإستهلاكي وأثرها على الطلب-نظرية الإنتاج-نظرية التوزيع
653 ## - INDEX TERM--UNCONTROLLED
Uncontrolled term الطلب والعرض
653 ## - INDEX TERM--UNCONTROLLED
Uncontrolled term المرونات
653 ## - INDEX TERM--UNCONTROLLED
Uncontrolled term الوحدة الإنتاجية
653 ## - INDEX TERM--UNCONTROLLED
Uncontrolled term توازن السوق
653 ## - INDEX TERM--UNCONTROLLED
Uncontrolled term سلوك المستهلك
653 ## - INDEX TERM--UNCONTROLLED
Uncontrolled term نظرية التوزيع
942 ## - ADDED ENTRY ELEMENTS (KOHA)
Koha item type كتب

لا توجد مواد متاحة.

موارد الويب المفتوحة


© University of Algiers 3 All Rights Reserved
|
Implemented by LECHELAH Riad